[Event "7. Copenhagen Open Politiken Cup"]
[Site "Copenhagen"]
[Date "1985.??.??"]
[Round "8"]
[White "Westerinen, Heikki"]
[Black "Stein, Bernd"]
[Result "1/2-1/2"]
[WhiteElo "2420"]
[BlackElo "2380"]
[PlyCount "59"]
[EventDate "1985.??.??"]
[EventType "swiss"]
[EventRounds "10"]
[EventCountry "DEN"]
[SourceDate "2004.01.01"]

1. e4 c5 2. c3 d5 3. exd5 Qxd5 4. d4 Nc6 5. Nf3 Bg4 6. Be2 cxd4 7. cxd4 e6 8.
O-O Nf6 9. Nc3 Qa5 10. h3 Bh5 11. Be3 Be7 12. Qb3 Qb4 13. Qxb4 Bxb4 14. g4 Bg6
15. Ne5 O-O 16. Nxc6 bxc6 17. Rac1 Rfd8 18. a3 Be7 19. Ba6 Rab8 20. Na4 Be4 21.
f3 Bd5 22. b4 Ne8 23. Bf4 Bd6 24. Bxd6 Nxd6 25. Kf2 f6 26. Rc3 g5 27. Rfc1 h5
28. Rc5 hxg4 29. hxg4 f5 30. gxf5 1/2-1/2

[Event "7. Copenhagen Open Politiken Cup"]
[Site "Copenhagen"]
[Date "1985.??.??"]
[Round "8"]
[White "Wockenfuss, Klaus"]
[Black "Bjerring, Kai"]
[Result "1/2-1/2"]
[WhiteElo "2375"]
[BlackElo "2315"]
[PlyCount "60"]
[EventDate "1985.??.??"]
[EventType "swiss"]
[EventRounds "10"]
[EventCountry "DEN"]
[SourceDate "2004.01.01"]

1. g3 e5 2. Bg2 Nc6 3. d3 g6 4. f4 d6 5. Nf3 Bg7 6. O-O exf4 7. gxf4 Bg4 8. c3
Qd7 9. Qb3 O-O-O 10. e4 Nf6 11. Qc2 Bh3 12. Bxh3 Qxh3 13. Qg2 Qxg2+ 14. Kxg2
Nh5 15. Ng5 Rdf8 16. Be3 f5 17. Nd2 Re8 18. Rae1 Re7 19. exf5 gxf5 20. Kf3 Bf6
21. Nh3 Bh4 22. Bf2 Bxf2 23. Nxf2 Kd7 24. Nc4 Rxe1 25. Rxe1 Ne7 26. Ne3 Ng6 27.
Ng2 Nf6 28. Nh1 Re8 29. Rxe8 Nxe8 30. Ng3 Ng7 1/2-1/2

[Event "7. Copenhagen Open Politiken Cup"]
[Site "Copenhagen"]
[Date "1985.??.??"]
[Round "9"]
[White "Agdestein, Espen"]
[Black "Hoi, Carsten"]
[Result "1/2-1/2"]
[WhiteElo "2305"]
[BlackElo "2380"]
[PlyCount "81"]
[EventDate "1985.??.??"]
[EventType "swiss"]
[EventRounds "10"]
[EventCountry "DEN"]
[SourceDate "2004.01.01"]

1. d4 g6 2. e4 Bg7 3. c4 d6 4. Nc3 Nc6 5. d5 Nd4 6. Be3 e5 7. Nge2 Nxe2 8. Bxe2
f5 9. exf5 gxf5 10. Bh5+ Kf8 11. f4 exf4 12. Bxf4 Qh4+ 13. g3 Qh3 14. Be2 Nf6
15. Qd2 Bd7 16. O-O-O Kf7 17. Bf1 Qh5 18. Bd3 Rhe8 19. h3 Ne4 20. Nxe4 fxe4 21.
Be2 Qg6 22. Be3 Kg8 23. g4 a6 24. h4 Rf8 25. h5 Qe8 26. g5 Bf5 27. Rdg1 b5 28.
g6 hxg6 29. hxg6 Rf6 30. Rh5 bxc4 31. Bxc4 Rb8 32. Rh7 Bxg6 33. Rxg7+ Kxg7 34.
Bd4 e3 35. Qc3 Kf7 36. Bxf6 Qe4 37. Rxg6 Qxg6 38. Bd4 Qg1+ 39. Kc2 Qf2+ 40. Kc1
Rg8 41. Bb3 1/2-1/2

[Event "7. Copenhagen Open Politiken Cup"]
[Site "Copenhagen"]
[Date "1985.??.??"]
[Round "9"]
[White "Bator, Robert"]
[Black "Vogel, Jaap"]
[Result "0-1"]
[WhiteElo "2380"]
[BlackElo "2280"]
[PlyCount "70"]
[EventDate "1985.??.??"]
[EventType "swiss"]
[EventRounds "10"]
[EventCountry "DEN"]
[SourceDate "2004.01.01"]

1. e4 e6 2. d4 d5 3. e5 Ne7 4. c3 b6 5. a4 a5 6. h4 Ba6 7. Bxa6 Nxa6 8. h5 h6
9. Na3 c6 10. Nf3 Nc7 11. Nh4 Qc8 12. Rh3 Qa6 13. Qg4 O-O-O 14. Rf3 g5 15. hxg6
fxg6 16. Nxg6 h5 17. Nxe7+ Bxe7 18. Qh3 Rdg8 19. Rf7 Bxa3 20. Rxa3 Rg4 21. Qf3
Kb7 22. g3 Re4+ 23. Be3 h4 24. Qe2 Qa8 25. gxh4 Rhxh4 26. Kd2 Qg8 27. Qf3 Rxe3
28. Kxe3 Qg5+ 29. Kd3 Qc1 30. Rxc7+ Ka6 31. Qe2 Re4 32. Qd2 Qb1+ 33. Qc2 Qf1+
34. Kd2 Re2+ 35. Kd3 Rxf2+ 0-1

[Event "7. Copenhagen Open Politiken Cup"]
[Site "Copenhagen"]
[Date "1985.??.??"]
[Round "9"]
[White "Bator, Zbigniew"]
[Black "Clausen, Steen"]
[Result "1-0"]
[WhiteElo "2315"]
[BlackElo "2285"]
[PlyCount "63"]
[EventDate "1985.??.??"]
[EventType "swiss"]
[EventRounds "10"]
[EventCountry "DEN"]
[SourceDate "2004.01.01"]

1. d4 Nf6 2. Nf3 c5 3. d5 e6 4. c4 exd5 5. cxd5 d6 6. Nc3 g6 7. e4 Bg7 8. Be2
O-O 9. O-O Re8 10. Nd2 a6 11. a4 Nbd7 12. f4 c4 13. Kh1 Nc5 14. Bf3 h5 15. h3
Qc7 16. e5 dxe5 17. fxe5 Qxe5 18. Nxc4 Qg3 19. Be3 Nce4 20. Nxe4 Nxe4 21. Bxe4
Rxe4 22. Rf3 Qh4 23. Nd6 Re7 24. Qc1 Bxh3 25. Rxh3 Qb4 26. Qc5 Qxb2 27. Rf1 Bf8
28. Nc4 Qe2 29. Rhf3 Re4 30. Qc7 Qxc4 31. Qxf7+ Kh8 32. Qxf8+ 1-0

[Event "7. Copenhagen Open Politiken Cup"]
[Site "Copenhagen"]
[Date "1985.??.??"]
[Round "9"]
[White "Blees, Albert"]
[Black "Iskov, Gert"]
[Result "1/2-1/2"]
[WhiteElo "2310"]
[BlackElo "2325"]
[PlyCount "49"]
[EventDate "1985.??.??"]
[EventType "swiss"]
[EventRounds "10"]
[EventCountry "DEN"]
[SourceDate "2004.01.01"]

1. d4 Nf6 2. c4 e6 3. Nc3 Bb4 4. e3 b6 5. Nge2 Ne4 6. Qc2 Bb7 7. a3 Bxc3+ 8.
Nxc3 Nxc3 9. Qxc3 O-O 10. b3 d6 11. Bb2 Nd7 12. O-O-O Qe7 13. f3 e5 14. Bd3
Rfe8 15. dxe5 dxe5 16. f4 f6 17. Rd2 exf4 18. exf4 Nc5 19. Bc2 Ne4 20. Qh3 Nxd2
21. Qxh7+ Kf8 22. Qh8+ Kf7 23. Qh5+ Kf8 24. Qh8+ Kf7 25. Qh5+ 1/2-1/2

[Event "7. Copenhagen Open Politiken Cup"]
[Site "Copenhagen"]
[Date "1985.??.??"]
[Round "9"]
[White "Brynell, Stellan"]
[Black "Bosboom, Manuel"]
[Result "1/2-1/2"]
[WhiteElo "2250"]
[BlackElo "2380"]
[PlyCount "81"]
[EventDate "1985.??.??"]
[EventType "swiss"]
[EventRounds "10"]
[EventCountry "DEN"]
[SourceDate "2004.01.01"]

1. e4 c6 2. Nc3 d5 3. Qf3 dxe4 4. Nxe4 Nd7 5. d4 Ndf6 6. Bd3 Bg4 7. Qf4 Nxe4 8.
Qxg4 Ngf6 9. Qh4 g5 10. Qh3 Qxd4 11. Qe3 Qxe3+ 12. Bxe3 e6 13. Nf3 Rg8 14. O-O
Bc5 15. Ne5 Rd8 16. Rae1 Rd5 17. Bxc5 Nxc5 18. Bc4 Rd2 19. b4 Ncd7 20. Bd3 Nxe5
21. Rxe5 Ke7 22. Ra5 a6 23. a4 Kd6 24. h3 g4 25. h4 Nd5 26. b5 axb5 27. axb5 f5
28. Ra7 Kc7 29. bxc6 Kxc6 30. g3 Nb4 31. Re1 Nxd3 32. cxd3 Re8 33. Rc1+ Kb6 34.
Ra3 Rb2 35. h5 Rd8 36. Re1 Re8 37. d4 Kc6 38. Ra5 Rd2 39. Rxf5 exf5 40. Rxe8
Rxd4 41. Rc8+ 1/2-1/2

[Event "7. Copenhagen Open Politiken Cup"]
[Site "Copenhagen"]
[Date "1985.??.??"]
[Round "9"]
[White "Ernst, Thomas"]
[Black "Hansen, Curt"]
[Result "1-0"]
[WhiteElo "2450"]
[BlackElo "2505"]
[PlyCount "67"]
[EventDate "1985.??.??"]
[EventType "swiss"]
[EventRounds "10"]
[EventCountry "DEN"]
[SourceDate "2004.01.01"]

1. e4 e6 2. d4 d5 3. Nd2 dxe4 4. Nxe4 Bd7 5. Nf3 Bc6 6. Bd3 Nd7 7. O-O Bxe4 8.
Bxe4 c6 9. c4 Ngf6 10. Bc2 Be7 11. Bd2 O-O 12. Bc3 Qc7 13. Qe2 a5 14. a3 Rfb8
15. Ne5 b5 16. Rfe1 Nf8 17. Qf3 Ra6 18. Bd3 a4 19. Rac1 Ng6 20. cxb5 cxb5 21.
Bxg6 hxg6 22. Bb4 Qd8 23. Bxe7 Qxe7 24. Nc6 Rxc6 25. Qxc6 Qd8 26. Qc7 Qxc7 27.
Rxc7 Nd5 28. Rc5 g5 29. Rec1 Kh7 30. Kf1 g4 31. g3 Kg6 32. Re1 Rb6 33. Re4 Kf5
34. Rf4+ 1-0

[Event "7. Copenhagen Open Politiken Cup"]
[Site "Copenhagen"]
[Date "1985.??.??"]
[Round "9"]
[White "Fridjonsson, Julius"]
[Black "Heyken, Enno"]
[Result "1/2-1/2"]
[WhiteElo "2265"]
[BlackElo "2350"]
[PlyCount "28"]
[EventDate "1985.??.??"]
[EventType "swiss"]
[EventRounds "10"]
[EventCountry "DEN"]
[SourceDate "2004.01.01"]

1. c4 e6 2. Nf3 Nf6 3. b3 d5 4. Bb2 Nbd7 5. e3 Bd6 6. Be2 O-O 7. O-O c6 8. Nc3
Qe7 9. d4 dxc4 10. bxc4 e5 11. Qc2 Re8 12. Nd2 exd4 13. exd4 Nf8 14. Bd3 Ng6
1/2-1/2

[Event "7. Copenhagen Open Politiken Cup"]
[Site "Copenhagen"]
[Date "1985.??.??"]
[Round "9"]
[White "From, Sigfred"]
[Black "Kamaras, Peter"]
[Result "1/2-1/2"]
[WhiteElo "2245"]
[BlackElo "2330"]
[PlyCount "112"]
[EventDate "1985.??.??"]
[EventType "swiss"]
[EventRounds "10"]
[EventCountry "DEN"]
[SourceDate "2004.01.01"]

1. d4 Nf6 2. c4 e5 3. dxe5 Ng4 4. Nf3 Bc5 5. e3 Nc6 6. Bd2 Ngxe5 7. Nxe5 Nxe5
8. Bc3 Qe7 9. Be2 O-O 10. O-O a5 11. Nd2 d6 12. a3 a4 13. Kh1 f5 14. Nf3 Ng4
15. Bd4 b6 16. Kg1 Bb7 17. Ne1 Qh4 18. h3 Nf6 19. Bf3 Ne4 20. Nd3 Bxd4 21. exd4
Rf6 22. Re1 Raf8 23. Re2 g5 24. d5 Rg6 25. Qe1 Nf6 26. Re7 Qxc4 27. Qe6+ Kh8
28. Qxf5 Bc8 29. Re6 Bxe6 30. dxe6 Re8 31. Re1 Qd4 32. e7 Rg7 33. Re6 Ng8 34.
Nb4 Qf4 35. Qxf4 gxf4 36. Nc6 Rexe7 37. Nxe7 Rxe7 38. Bg4 Rxe6 39. Bxe6 Nf6 40.
Kf1 Kg7 41. Ke2 Ne4 42. Bf5 f3+ 43. Kxf3 Nd2+ 44. Ke3 Nc4+ 45. Kd4 Nxb2 46. f4
b5 47. Bd7 b4 48. axb4 a3 49. Be6 c5+ 50. bxc5 dxc5+ 51. Kc3 c4 52. Kc2 Nd3 53.
Bxc4 Nxf4 54. Bf1 Nxg2 55. Bxg2 h5 56. Kb3 h4 1/2-1/2

[Event "7. Copenhagen Open Politiken Cup"]
[Site "Copenhagen"]
[Date "1985.??.??"]
[Round "9"]
[White "Gibbons, Bart F"]
[Black "Peric, Slavisa"]
[Result "1/2-1/2"]
[WhiteElo "2260"]
[BlackElo "2245"]
[PlyCount "125"]
[EventDate "1985.??.??"]
[EventType "swiss"]
[EventRounds "10"]
[EventCountry "DEN"]
[SourceDate "2004.01.01"]

1. Nf3 c5 2. g3 b6 3. Bg2 Bb7 4. c4 g6 5. Nc3 Bg7 6. O-O Nf6 7. d3 O-O 8. a3 d5
9. Qc2 Nbd7 10. cxd5 Nxd5 11. Nxd5 Bxd5 12. Bd2 Re8 13. Bc3 e5 14. Nd2 Bxg2 15.
Kxg2 Rc8 16. Qa4 Qc7 17. Rac1 Qc6+ 18. Qxc6 Rxc6 19. Rc2 Rec8 20. Rfc1 Nf8 21.
Nf3 f6 22. Kf1 Ne6 23. Ke1 Kf7 24. h4 h5 25. Bd2 Ke8 26. b4 b5 27. Be3 Bf8 28.
Nd2 R6c7 29. bxc5 Bxc5 30. Bxc5 Rxc5 31. Rxc5 Rxc5 32. Rb1 f5 33. Kd1 a6 34. a4
Nc7 35. axb5 axb5 36. Rc1 Rxc1+ 37. Kxc1 Ke7 38. Kb2 Kd6 39. Kb3 Kd5 40. Kb4
Ne6 41. Nb3 Kc6 42. e3 Nc7 43. Nd2 Nd5+ 44. Kb3 Nf6 45. f3 Nd5 46. e4 Ne3 47.
Kc3 Nd1+ 48. Kc2 Nf2 49. Kc3 Nh1 50. exf5 gxf5 51. g4 fxg4 52. fxg4 hxg4 53. h5
Ng3 54. h6 Ne2+ 55. Kb4 Nf4 56. h7 Ng6 57. Ne4 Nh8 58. Kc3 Kc7 59. d4 exd4+ 60.
Kxd4 Kb6 61. Kc3 Ka5 62. Kb3 b4 63. Ng3 1/2-1/2

[Event "7. Copenhagen Open Politiken Cup"]
[Site "Copenhagen"]
[Date "1985.??.??"]
[Round "9"]
[White "Gruenberg, Rainer"]
[Black "Fedder, Steen"]
[Result "0-1"]
[WhiteElo "2265"]
[BlackElo "2410"]
[PlyCount "26"]
[EventDate "1985.??.??"]
[EventType "swiss"]
[EventRounds "10"]
[EventCountry "DEN"]
[SourceDate "2004.01.01"]

1. d4 d5 2. c4 dxc4 3. e4 Nf6 4. Nc3 e5 5. Nf3 exd4 6. Qxd4 Qxd4 7. Nxd4 Bc5 8.
Ndb5 Na6 9. Bxc4 c6 10. Na3 b5 11. Bd3 b4 12. Na4 bxa3 13. Bxa6 Bb4+ 0-1

[Event "7. Copenhagen Open Politiken Cup"]
[Site "Copenhagen"]
[Date "1985.??.??"]
[Round "9"]
[White "Hartman, Christer"]
[Black "Hebden, Mark"]
[Result "1-0"]
[WhiteElo "2295"]
[BlackElo "2480"]
[PlyCount "63"]
[EventDate "1985.??.??"]
[EventType "swiss"]
[EventRounds "10"]
[EventCountry "DEN"]
[SourceDate "2004.01.01"]

1. e4 e5 2. Nf3 Nc6 3. d4 exd4 4. c3 Nf6 5. e5 Ne4 6. Qe2 f5 7. exf6 d5 8. Nxd4
Nxd4 9. cxd4 Bb4+ 10. Bd2 Bxd2+ 11. Nxd2 O-O 12. Nxe4 Re8 13. f7+ Kxf7 14. Qh5+
Kg8 15. O-O-O Rxe4 16. f3 Re6 17. Bd3 g6 18. Qh6 Qe7 19. Qd2 Bd7 20. h4 Re8 21.
h5 g5 22. h6 a6 23. Rh5 Re3 24. Be4 dxe4 25. Qxe3 exf3 26. Rxg5+ Kh8 27. Qxe7
Rxe7 28. gxf3 c6 29. Kd2 Rf7 30. Rdg1 Rf8 31. Rg7 Be6 32. Rxb7 1-0

[Event "7. Copenhagen Open Politiken Cup"]
[Site "Copenhagen"]
[Date "1985.??.??"]
[Round "9"]
[White "Hartung Nielsen, Jens"]
[Black "Andreasen, Per Naesby"]
[Result "1/2-1/2"]
[WhiteElo "2245"]
[BlackElo "2260"]
[PlyCount "29"]
[EventDate "1985.??.??"]
[EventType "swiss"]
[EventRounds "10"]
[EventCountry "DEN"]
[SourceDate "2004.01.01"]

1. d4 d5 2. Nf3 Nf6 3. e3 Bf5 4. Bd3 Bxd3 5. Qxd3 c6 6. O-O e6 7. Nbd2 Nbd7 8.
b3 Be7 9. Bb2 O-O 10. Rfd1 Rc8 11. c4 Qa5 12. a3 Rfd8 13. Rac1 b5 14. c5 Qc7
15. Ra1 1/2-1/2

[Event "7. Copenhagen Open Politiken Cup"]
[Site "Copenhagen"]
[Date "1985.??.??"]
[Round "9"]
[White "Hodgson, Julian M"]
[Black "Bjerring, Kai"]
[Result "1-0"]
[WhiteElo "2455"]
[BlackElo "2315"]
[PlyCount "61"]
[EventDate "1985.??.??"]
[EventType "swiss"]
[EventRounds "10"]
[EventCountry "DEN"]
[SourceDate "2004.01.01"]

1. e4 e5 2. Nf3 d6 3. d4 exd4 4. Nxd4 g6 5. Nc3 Bg7 6. Be2 Nc6 7. Nxc6 bxc6 8.
h4 Ne7 9. h5 Be6 10. Be3 Qb8 11. Bd4 Bxd4 12. Qxd4 Rg8 13. hxg6 hxg6 14. O-O-O
Qb6 15. Qf6 Rb8 16. b3 g5 17. Bh5 Kd7 18. Bxf7 Bxf7 19. Rh7 Rbf8 20. e5 Rg6 21.
e6+ Kd8 22. Qxf7 Rxf7 23. Rh8+ Ng8 24. exf7 Ke7 25. fxg8=Q Rxg8 26. Rxg8 Qxf2
27. Rg7+ Ke6 28. Rxc7 Qxg2 29. Kb2 g4 30. Rd4 c5 31. Re4+ 1-0

[Event "7. Copenhagen Open Politiken Cup"]
[Site "Copenhagen"]
[Date "1985.??.??"]
[Round "9"]
[White "Huenerkopf, Heinz"]
[Black "Nilsson, Nils Specht"]
[Result "1-0"]
[WhiteElo "2305"]
[BlackElo "2200"]
[PlyCount "77"]
[EventDate "1985.??.??"]
[EventType "swiss"]
[EventRounds "10"]
[EventCountry "DEN"]
[SourceDate "2004.01.01"]

1. e4 c5 2. Nf3 d6 3. d4 cxd4 4. Nxd4 Nf6 5. Nc3 a6 6. Bc4 Nbd7 7. O-O e6 8. a4
Qa5 9. Be3 Ne5 10. Be2 Qc7 11. a5 Bd7 12. f4 Nc4 13. Bxc4 Qxc4 14. Qf3 Be7 15.
Rad1 O-O 16. e5 dxe5 17. fxe5 Nd5 18. Nf5 Bc5 19. Nxd5 exf5 20. b4 Bxe3+ 21.
Qxe3 Bc6 22. Ne7+ Kh8 23. Nxf5 Qxc2 24. Qg5 Rg8 25. Rd4 Rae8 26. Rh4 Re6 27.
Nd6 Be8 28. Qf5 Qxf5 29. Rxf5 f6 30. Nxb7 Rxe5 31. Rxe5 fxe5 32. Nc5 Bb5 33.
Re4 Re8 34. Kf2 Kg8 35. Ke3 Kf7 36. Rg4 g6 37. h4 h6 38. Rg3 Kf6 39. Rf3+ 1-0

[Event "7. Copenhagen Open Politiken Cup"]
[Site "Copenhagen"]
[Date "1985.??.??"]
[Round "9"]
[White "Karolyi, Tibor Jr"]
[Black "Hector, Jonny"]
[Result "0-1"]
[WhiteElo "2445"]
[BlackElo "2295"]
[PlyCount "36"]
[EventDate "1985.??.??"]
[EventType "swiss"]
[EventRounds "10"]
[EventCountry "DEN"]
[SourceDate "2004.01.01"]

1. d4 Nf6 2. c4 e5 3. dxe5 Ng4 4. Nf3 Nc6 5. Nc3 Bc5 6. e3 Ngxe5 7. Be2 O-O 8.
O-O a5 9. b3 Nxf3+ 10. Bxf3 Ne5 11. Be4 Ra6 12. g3 Rh6 13. Na4 Ba7 14. Bg2 d6
15. Qe2 Re8 16. f3 Qg5 17. Nc3 Qh5 18. Bh1 Nxc4 0-1

[Event "7. Copenhagen Open Politiken Cup"]
[Site "Copenhagen"]
[Date "1985.??.??"]
[Round "9"]
[White "Nielsen, Jorgen G"]
[Black "Fette, Martin"]
[Result "0-1"]
[WhiteElo "2240"]
[BlackElo "2290"]
[PlyCount "50"]
[EventDate "1985.??.??"]
[EventType "swiss"]
[EventRounds "10"]
[EventCountry "DEN"]
[SourceDate "2004.01.01"]

1. d4 g6 2. e4 Bg7 3. Nc3 d6 4. Be3 c6 5. Qd2 b5 6. Bd3 Nd7 7. Nce2 Ngf6 8. Bh6
O-O 9. Bxg7 Kxg7 10. f4 e5 11. Nf3 exd4 12. Nexd4 Qb6 13. O-O-O a6 14. e5 dxe5
15. fxe5 Nxe5 16. Nxe5 Qxd4 17. Nxc6 Qb6 18. Ne5 Bb7 19. Rhf1 Rae8 20. Rxf6
Qxf6 21. Nd7 Qd4 22. Nxf8 Rxf8 23. Qg5 Qf2 24. Be4 Rc8 25. Rd2 Qe1+ 0-1

[Event "7. Copenhagen Open Politiken Cup"]
[Site "Copenhagen"]
[Date "1985.??.??"]
[Round "9"]
[White "Norgaard, Jesper"]
[Black "Reinert, Mads"]
[Result "1/2-1/2"]
[WhiteElo "2325"]
[BlackElo "2260"]
[PlyCount "21"]
[EventDate "1985.??.??"]
[EventType "swiss"]
[EventRounds "10"]
[EventCountry "DEN"]
[SourceDate "2004.01.01"]

1. e4 c5 2. Nf3 e6 3. d4 cxd4 4. Nxd4 Nf6 5. Nc3 Nc6 6. Ndb5 d6 7. Bf4 e5 8.
Bg5 a6 9. Na3 b5 10. Nd5 Be7 11. Bxf6 1/2-1/2

[Event "7. Copenhagen Open Politiken Cup"]
[Site "Copenhagen"]
[Date "1985.??.??"]
[Round "9"]
[White "Pliester, Leon"]
[Black "Jacobsen, Bo"]
[Result "1-0"]
[WhiteElo "2370"]
[BlackElo "2280"]
[PlyCount "121"]
[EventDate "1985.??.??"]
[EventType "swiss"]
[EventRounds "10"]
[EventCountry "DEN"]
[SourceDate "2004.01.01"]

1. e4 e5 2. Nf3 Nc6 3. Bb5 a6 4. Ba4 d6 5. c3 Bd7 6. O-O Nge7 7. d4 Ng6 8. dxe5
dxe5 9. Be3 h6 10. Qe2 Bd6 11. Nbd2 Qe7 12. Rad1 b5 13. Bc2 O-O 14. Rfe1 Nd8
15. Nf1 Ne6 16. Ng3 Ngf4 17. Qd2 Rad8 18. Nf5 Qf6 19. g3 Nh3+ 20. Kg2 Nhg5 21.
Qe2 Bc6 22. Nxd6 cxd6 23. Nxg5 hxg5 24. Bb6 Rd7 25. Bb3 Qg6 26. Qg4 f5 27.
Bxe6+ Qxe6 28. Qxg5 fxe4 29. Be3 Rf5 30. Qh4 g6 31. g4 Rf3 32. Qg5 d5 33. Kg1
Rh3 34. Bc5 Qe8 35. Qf6 Rdh7 36. Rxe4 Rxh2 37. Rxe5 Rh1+ 38. Kg2 d4+ 39. Kg3
R1h3+ 40. Kf4 Rf3+ 41. Kg5 Rxf6 42. Rxe8+ Bxe8 43. Kxf6 Rf7+ 44. Kg5 Rxf2 45.
b4 Rxa2 46. Rxd4 a5 47. Rd8 Kf7 48. Ra8 a4 49. Ra7+ Kg8 50. Kf6 Re2 51. Bd4 Re4
52. Rg7+ Kh8 53. Re7 Bc6 54. Rc7 Be8 55. g5 Kg8 56. Rg7+ Kh8 57. Re7 Bc6 58.
Kf7+ Kh7 59. Rc7 Rf4+ 60. Bf6 Rc4 61. Kf8+ 1-0

[Event "7. Copenhagen Open Politiken Cup"]
[Site "Copenhagen"]
[Date "1985.??.??"]
[Round "9"]
[White "Rasmussen, Karsten"]
[Black "Westerinen, Heikki"]
[Result "1/2-1/2"]
[WhiteElo "2295"]
[BlackElo "2420"]
[PlyCount "27"]
[EventDate "1985.??.??"]
[EventType "swiss"]
[EventRounds "10"]
[EventCountry "DEN"]
[SourceDate "2004.01.01"]

1. e4 e5 2. Nf3 Nc6 3. Nc3 g6 4. d4 exd4 5. Nxd4 Bg7 6. Be3 Nf6 7. Qd2 O-O 8.
O-O-O d6 9. f3 Nxd4 10. Bxd4 Be6 11. g4 c5 12. Be3 Qa5 13. a3 Rfd8 14. g5
1/2-1/2

[Event "7. Copenhagen Open Politiken Cup"]
[Site "Copenhagen"]
[Date "1985.??.??"]
[Round "9"]
[White "Schandorff, Lars"]
[Black "Bjarnason, Saevar"]
[Result "1/2-1/2"]
[WhiteElo "2275"]
[BlackElo "2355"]
[PlyCount "112"]
[EventDate "1985.??.??"]
[EventType "swiss"]
[EventRounds "10"]
[EventCountry "DEN"]
[SourceDate "2004.01.01"]

1. e4 e5 2. Nf3 Nc6 3. Bb5 a6 4. Ba4 Nf6 5. O-O Be7 6. Re1 b5 7. Bb3 O-O 8. d4
d6 9. c3 Bg4 10. Be3 Na5 11. dxe5 Bxf3 12. Qxf3 dxe5 13. Bc2 Nc4 14. Bc1 c5 15.
a4 b4 16. Qe2 Na5 17. Nd2 Qc7 18. Nc4 Nxc4 19. Qxc4 a5 20. cxb4 axb4 21. Bb3
Nd7 22. Be3 Ra5 23. Qc2 h6 24. Bc4 Nb8 25. Rad1 Nc6 26. Rd5 Rd8 27. b3 Nd4 28.
Qd1 Raa8 29. Qh5 Bf6 30. Rd1 Qe7 31. Rd3 Rxd5 32. Bxd5 Ra7 33. Kf1 Bg5 34. Bxg5
Qxg5 35. Qxg5 hxg5 36. Rg3 Ne6 37. Bxe6 fxe6 38. Ke2 c4 39. bxc4 Rxa4 40. Rb3
Kf7 41. Kd3 Ra2 42. Rxb4 Rxf2 43. Rb7+ Kf6 44. c5 Rxg2 45. c6 Rg1 46. Kc2 Rg2+
47. Kb3 Rg1 48. Kb2 Rg2+ 49. Kb3 Rg1 50. Kb4 g4 51. Kc5 g3 52. hxg3 Rxg3 53.
Rb1 Rc3+ 54. Kb6 Kg5 55. c7 Kf4 56. Kb7 g5 1/2-1/2

[Event "7. Copenhagen Open Politiken Cup"]
[Site "Copenhagen"]
[Date "1985.??.??"]
[Round "9"]
[White "Sorensen, Henrik"]
[Black "Pavlovic, Milos"]
[Result "1-0"]
[WhiteElo "2235"]
[BlackElo "2305"]
[PlyCount "74"]
[EventDate "1985.??.??"]
[EventType "swiss"]
[EventRounds "10"]
[EventCountry "DEN"]
[SourceDate "2004.01.01"]

1. d4 Nf6 2. Nf3 e6 3. Bg5 c5 4. e3 b6 5. Nbd2 Be7 6. Bd3 O-O 7. c3 Ba6 8. Bxa6
Nxa6 9. Qe2 Qc8 10. O-O cxd4 11. exd4 Qb7 12. Ne5 d6 13. Nd3 Nc7 14. f4 Rae8
15. Rf3 Qd5 16. Nb4 Qb7 17. Rh3 a5 18. Nd3 Qd5 19. Ne5 Rd8 20. Bxf6 Bxf6 21.
Qh5 h6 22. Ng4 Qxh5 23. Nxf6+ gxf6 24. Rxh5 Kg7 25. f5 e5 26. Rh4 d5 27. dxe5
fxe5 28. f6+ Kxf6 29. Rxh6+ Ke7 30. Rxb6 Rb8 31. Rxb8 Rxb8 32. b3 Ne6 33. Re1
f6 34. a3 Rc8 35. Re3 Nf4 36. Kf2 d4 37. cxd4 Rc2 1-0

[Event "7. Copenhagen Open Politiken Cup"]
[Site "Copenhagen"]
[Date "1985.??.??"]
[Round "9"]
[White "Srensen, Torben"]
[Black "Setterqvist, Kurt"]
[Result "1-0"]
[WhiteElo "2315"]
[BlackElo "2280"]
[PlyCount "97"]
[EventDate "1985.??.??"]
[EventType "swiss"]
[EventRounds "10"]
[EventCountry "DEN"]
[SourceDate "2004.01.01"]

1. e4 Nf6 2. e5 Nd5 3. d4 d6 4. Nf3 g6 5. Bc4 Nb6 6. Bb3 Bg7 7. Ng5 d5 8. f4 f6
9. Nf3 Bg4 10. Nbd2 Nc6 11. c3 Qd7 12. Qe2 O-O-O 13. a4 a5 14. O-O Rhg8 15. h3
Be6 16. Bd1 Nc4 17. Nb3 b6 18. Ra2 g5 19. Re1 Rde8 20. Na1 gxf4 21. b3 N4xe5
22. dxe5 fxe5 23. Bxf4 Bxh3 24. Bxe5 Nxe5 25. Nxe5 Qe6 26. Qh5 Bh6 27. Kh1 Bf5
28. Bf3 Ref8 29. Rae2 Bg5 30. Nc2 c5 31. Kg1 Kc7 32. Ne3 Be4 33. Bxe4 dxe4 34.
N3c4 Rf5 35. Qxh7 Bf6 36. Nd3 Rh8 37. Qxh8 Bxh8 38. Rxe4 Qg6 39. Rxe7+ Kd8 40.
Re8+ Qxe8 41. Rxe8+ Kxe8 42. Nd6+ Kd7 43. Nxf5 Bxc3 44. Kf2 Kc6 45. Ke3 b5 46.
axb5+ Kxb5 47. Ke4 Bd2 48. Nd6+ Kc6 49. Nc4 1-0

[Event "7. Copenhagen Open Politiken Cup"]
[Site "Copenhagen"]
[Date "1985.??.??"]
[Round "9"]
[White "Welin, Thomas"]
[Black "Van Mil, Johan"]
[Result "1-0"]
[WhiteElo "2395"]
[BlackElo "2345"]
[PlyCount "71"]
[EventDate "1985.??.??"]
[EventType "swiss"]
[EventRounds "10"]
[EventCountry "DEN"]
[SourceDate "2004.01.01"]

1. Nf3 f5 2. g3 Nf6 3. Bg2 g6 4. d4 Bg7 5. O-O O-O 6. b3 d6 7. Bb2 Qe8 8. Nbd2
Nc6 9. Re1 e5 10. dxe5 dxe5 11. e4 f4 12. Qe2 Nh5 13. Qf1 Bf6 14. Bh3 g5 15.
Bxc8 Qxc8 16. Qb5 Re8 17. Nf1 g4 18. N3d2 Re6 19. Rad1 a6 20. Qd5 Qe8 21. f3
fxg3 22. hxg3 Bg5 23. fxg4 Nf6 24. Qc4 Nxg4 25. Nf3 b5 26. Qe2 Be7 27. Kg2 Rg6
28. Rd5 Qf8 29. N3h2 Nxh2 30. Nxh2 Nb4 31. Rxe5 Bd6 32. Rf5 Rxg3+ 33. Kh1 Qh6
34. Qf2 Qh3 35. Rg1 h6 36. Rf3 1-0

[Event "7. Copenhagen Open Politiken Cup"]
[Site "Copenhagen"]
[Date "1985.??.??"]
[Round "9"]
[White "Wockenfuss, Klaus"]
[Black "Braga, Fernando"]
[Result "1/2-1/2"]
[WhiteElo "2375"]
[BlackElo "2390"]
[PlyCount "97"]
[EventDate "1985.??.??"]
[EventType "swiss"]
[EventRounds "10"]
[EventCountry "DEN"]
[SourceDate "2004.01.01"]

1. Nf3 Nf6 2. g3 b5 3. Bg2 Bb7 4. O-O e6 5. b3 Be7 6. c4 bxc4 7. bxc4 c5 8. Nc3
O-O 9. Rb1 Bc6 10. Qc2 d6 11. e4 Nfd7 12. d4 cxd4 13. Nxd4 Qc8 14. Rd1 Rd8 15.
Ba3 Ne5 16. Qe2 Be8 17. Bf1 Na6 18. f4 Nc6 19. Nxc6 Bxc6 20. e5 Nc5 21. Qe3 Nb7
22. Nb5 Bxb5 23. cxb5 Rd7 24. Bg2 Bd8 25. Kh1 Bb6 26. Qe2 d5 27. f5 Rc7 28.
Rbc1 Nc5 29. fxe6 fxe6 30. Qg4 Nd3 31. Rxd3 Rxc1+ 32. Bxc1 Qxc1+ 33. Rd1 Qh6
34. Rxd5 exd5 35. Bxd5+ Kh8 36. Bxa8 Qc1+ 37. Kg2 Qd2+ 38. Kh3 Qh6+ 39. Kg2
Qd2+ 40. Kh3 Qh6+ 41. Qh4 Qe6+ 42. g4 Qxe5 43. Qg3 Qf6 44. Qb8+ Bd8 45. Qxa7
Qf1+ 46. Kg3 Qxb5 47. Qb7 Qd3+ 48. Qf3 Bc7+ 49. Kg2 1/2-1/2